[Event "FIDE World Rapid Team"]
[Site "Almaty KAZ"]
[Date "2024.08.02"]
[Round "4.26"]
[White "Munkhdalai, Amilal"]
[Black "Urazayev, Arystanbek"]
[Result "1-0"]
[WhiteTitle "IM"]
[BlackTitle "IM"]
[WhiteElo "2374"]
[BlackElo "2466"]
[WhiteTeam "Hunnu Air"]
[BlackTeam "Astana-1"]
[WhiteFideId "4903250"]
[BlackFideId "13709810"]
[EventDate "2024.08.02"]

1. e4 c6 2. Nc3 d5 3. Qe2 dxe4 4. Nxe4 Na6 5. d3 Nf6 6. Nxf6+ gxf6 7. Nf3 Qd5 8.
Bd2 Bg4 9. h3 Bxf3 10. gxf3 Rg8 11. Qe4 f5 12. Qxd5 cxd5 13. d4 Nc7 14. c4 dxc4
15. Bxc4 e6 16. Bf4 O-O-O 17. Rd1 Bd6 18. Bxd6 Rxd6 19. Ke2 b5 20. Bb3 a5 21. a3
a4 22. Ba2 Kb7 23. Ke3 Rg6 24. h4 Rg2 25. Rdg1 f4+ 26. Ke2 Rg6 27. h5 Rh6 28.
Rg7 f5 29. d5 Kb6 30. dxe6 Nxe6 31. Rf7 Nd4+ 32. Kf1 Nxf3 33. Rxf5 Nd2+ 34. Ke2
Nb3 35. Bxb3 axb3 36. Rh3 Rhe6+ 37. Kf1 Rf6 38. Rxf6 Rxf6 39. Rxb3 Rf5 40. Rh3
f3 41. Ke1 Kc5 42. Kd2 Re5 43. Kd3 h6 44. Rxf3 Rxh5 45. Ke4 Rh1 46. Rc3+ Kd6 47.
f4 h5 48. Kf5 Kd5 49. b4 h4 50. Rc5+ Kd4 51. Rxb5 Rg1 52. Rb8 h3 53. Rh8 Rg3 54.
a4 Rb3 55. b5 Kd5 56. Kg4 Ra3 57. Rxh3 Rxa4 58. Rb3 1-0

[Event "FIDE World Rapid Team"]
[Site "Almaty KAZ"]
[Date "2024.08.02"]
[Round "4.27"]
[White "Zhalmakhanov, Ramazan"]
[Black "Agibileg, Uurtsaikh"]
[Result "1-0"]
[WhiteTitle "IM"]
[BlackTitle "IM"]
[WhiteElo "2497"]
[BlackElo "2411"]
[WhiteTeam "Astana-1"]
[BlackTeam "Hunnu Air"]
[WhiteFideId "13706357"]
[BlackFideId "4901606"]
[EventDate "2024.08.02"]

1. e4 c5 2. Nf3 e6 3. d4 cxd4 4. Nxd4 Nc6 5. Nc3 a6 6. g4 Qc7 7. Be3 b5 8. Nxc6
Qxc6 9. f3 Ba3 10. bxa3 Qxc3+ 11. Kf2 Qxa3 12. Qd4 f6 13. g5 Bb7 14. Rd1 Bc6 15.
Rg1 Qxa2 16. gxf6 gxf6 17. Rg7 Qxc2+ 18. Rd2 Qa4 19. Qd6 Qa5 20. Rc2 Qd8 21.
Rxc6 dxc6 22. Qxe6+ Ne7 23. Bc5 Ra7 24. Qf7+ Kd7 25. Bh3+ Kc7 26. Qxe7+ 1-0

[Event "FIDE World Rapid Team"]
[Site "Almaty KAZ"]
[Date "2024.08.02"]
[Round "4.28"]
[White "Chinguun, Sumiya"]
[Black "Kamalidenova, Meruert"]
[Result "0-1"]
[WhiteTitle "FM"]
[BlackTitle "IM"]
[WhiteElo "2389"]
[BlackElo "2352"]
[WhiteTeam "Hunnu Air"]
[BlackTeam "Astana-1"]
[WhiteFideId "4902572"]
[BlackFideId "13712802"]
[EventDate "2024.08.02"]

1. e4 c5 2. Nc3 e6 3. f4 d5 4. Nf3 Nc6 5. Bb5 Ne7 6. Ne5 d4 7. Na4 f6 8. Nxc6
bxc6 9. Bc4 Ng6 10. Qh5 f5 11. exf5 exf5 12. O-O Qf6 13. d3 Bd6 14. b3 Kd8 15.
Bd2 Be6 16. Nb2 Bd5 17. Bxd5 cxd5 18. Qf3 Qf7 19. Nc4 Nh4 20. Qg3 dxc4 21. Qxh4+
Be7 22. Qh3 c3 23. Be1 Kc7 24. Bf2 Qd5 25. Rae1 Bd6 26. Qh5 g6 27. Qh6 Rae8 28.
Qg7+ Kb6 29. b4 Rhg8 30. bxc5+ Bxc5 31. Rb1+ Ka6 32. Qxh7 Re7 33. Qh4 Qc6 34.
Rfe1 Rge8 35. Rxe7 Rxe7 36. Kf1 Rb7 37. Rb3 Qd6 38. Qg3 Rxb3 39. axb3 Bb6 40.
Qf3 Qa3 41. Qd1 Kb5 42. g3 Qb2 43. h3 Kb4 44. g4 fxg4 45. hxg4 Ka3 46. f5 g5 47.
f6 Ka2 48. f7 Qa3 49. Qf3 Qf8 50. Ke2 Kb2 51. Kd1 Bc5 52. b4 Bxb4 53. Qd5 Bc5
54. Qb3+ Ka1 55. Qa4+ Kb2 56. Qb3+ Ka1 57. Qe6 Qb8 58. Qa6+ Kb2 59. Qc4 Qf4 60.
Qb3+ Ka1 61. Qa4+ Kb2 62. Qb5+ Ka1 63. Qa4+ Kb2 64. Qb3+ Ka1 65. Qa4+ Kb2 66.
Qb3+ Ka1 67. Ke1 Qd2+ 68. Kf1 Qd1+ 69. Be1 Qf3+ 70. Bf2 Qd1+ 71. Be1 Qf3+ 72.
Bf2 a6 73. Ke1 Qf4 74. Kf1 Qxg4 75. Qd5 Qc8 76. Qb3 Qf5 77. Ke2 Qg4+ 78. Ke1 Qf3
79. Qb8 Qxf7 80. Qc8 Qe7+ 81. Kd1 Qd6 82. Qe8 Qb6 83. Qa4+ Kb1 84. Qd7 Qb2 85.
Bxd4 Qxc2+ 86. Ke1 Qd2+ 87. Kf1 Qxd3+ 88. Ke1 Qxd4 89. Qf5+ c2 90. Qd3 Qf2# 0-1

[Event "FIDE World Rapid Team"]
[Site "Almaty KAZ"]
[Date "2024.08.02"]
[Round "4.29"]
[White "Agmanov, Zhandos"]
[Black "Mungunzul, Bat-Erdene"]
[Result "1-0"]
[WhiteTitle "IM"]
[BlackTitle "WCM"]
[WhiteElo "2458"]
[BlackElo "2224"]
[WhiteTeam "Astana-1"]
[BlackTeam "Hunnu Air"]
[WhiteFideId "13708309"]
[BlackFideId "4902831"]
[EventDate "2024.08.02"]

1. e4 e5 2. Nf3 Nc6 3. Bb5 a6 4. Ba4 Nf6 5. O-O Be7 6. Re1 b5 7. Bb3 d6 8. c3
O-O 9. h3 Nb8 10. d4 Nbd7 11. Nbd2 Bb7 12. Bc2 Re8 13. Nf1 Bf8 14. Ng3 g6 15. b3
a5 16. a4 b4 17. cxb4 axb4 18. Bb2 exd4 19. Qxd4 c5 20. Qd2 Qb6 21. Qf4 Bg7 22.
Rad1 Nd5 23. Rxd5 Bxb2 24. Rxd6 Bc6 25. e5 Qc7 26. Rxc6 Qxc6 27. Be4 Qc7 28.
Bxa8 Rxa8 29. Ne4 Kg7 30. Neg5 Nf8 31. Rd1 Re8 32. Rd6 Qe7 33. Rd5 h6 34. Ne4
Ne6 35. Qd2 Ba1 36. Rd7 Qf8 37. Qd5 Re7 38. Rd6 Qc8 39. Rc6 Rc7 40. Rd6 Re7 41.
a5 Ra7 42. Rc6 Qa8 43. Nxc5 Nf4 44. Qd6 Nh5 45. a6 Qe8 46. Rc7 Rxc7 47. Qxc7 Nf4
48. a7 Bc3 49. Qd7 Qa8 50. e6 1-0

[Event "FIDE World Rapid Team"]
[Site "Almaty KAZ"]
[Date "2024.08.02"]
[Round "4.30"]
[White "Erkhembayar, Amartaivan"]
[Black "Naimanov, Rinat"]
[Result "1-0"]
[WhiteElo "1962"]
[BlackElo "1749"]
[WhiteTeam "Hunnu Air"]
[BlackTeam "Astana-1"]
[WhiteFideId "4904800"]
[BlackFideId "13785109"]
[EventDate "2024.08.02"]

1. d4 Nf6 2. c4 e6 3. Nc3 Bb4 4. Nf3 b6 5. Qb3 Bxc3+ 6. Qxc3 Bb7 7. g3 O-O 8.
Bg2 Ne4 9. Qc2 d5 10. O-O c5 11. dxc5 bxc5 12. b3 Nd7 13. Rd1 Qe7 14. Nd2 Nxf2
15. Kxf2 Qf6+ 16. Nf3 Qxa1 17. Bb2 Qxd1 18. Qxd1 d4 19. e3 e5 20. exd4 exd4 21.
Nxd4 Bxg2 22. Nf5 Ne5 23. Bxe5 1-0

[Event "FIDE World Rapid Team"]
[Site "Almaty KAZ"]
[Date "2024.08.02"]
[Round "4.31"]
[White "Isanzhulov, Arystan"]
[Black "Utegaliyev, Azamat"]
[Result "1/2-1/2"]
[WhiteTitle "IM"]
[WhiteElo "2401"]
[BlackElo "2418"]
[WhiteTeam "Teniz Kazakhstan"]
[BlackTeam "Greco"]
[WhiteFideId "13711644"]
[BlackFideId "13702467"]
[EventDate "2024.08.02"]

1. e4 d5 2. exd5 Qxd5 3. Nc3 Qd8 4. d4 g6 5. Nf3 Bg7 6. Bc4 Nf6 7. O-O O-O 8.
Re1 Nc6 9. h3 b6 10. a3 Bb7 11. Ba2 e6 12. Bf4 Ne7 13. Be5 Qd7 14. Qe2 Rad8 15.
Rad1 Nf5 16. Bc4 Nd6 17. Bd3 Rfe8 18. Kf1 Qc8 19. Nb5 a6 20. Nxd6 cxd6 21. Bxf6
Bxf6 22. Be4 b5 23. c3 a5 24. Bxb7 Qxb7 25. Qe4 Qxe4 26. Rxe4 d5 27. Re3 b4 28.
axb4 axb4 29. cxb4 Rb8 30. Rb3 Rb5 31. Ne5 Rc8 32. Rc3 Ra8 33. Nc6 Ra6 34. Ke2
Kf8 35. Ke3 Rbb6 36. Rdc1 Ke8 37. Rc5 Be7 38. R5c2 Bxb4 39. Ne5 Bd6 40. Rc8+ Ke7
41. Nd3 h5 42. g3 Rb3 43. R8c2 h4 44. gxh4 Bf4+ 45. Kxf4 Rxd3 46. Kg5 Rxd4 47.
Rc7+ Kf8 48. h5 gxh5 49. Rb7 e5 50. Kf5 Re6 51. Rb8+ Kg7 52. Rg1+ Kh7 53. Rgg8
Rf4+ 54. Kg5 Rg6+ 55. Rxg6 fxg6 56. Rb7+ Kg8 57. Re7 Rxf2 58. Kxg6 e4 59. Re5
Kf8 60. Rxd5 Rxb2 61. Rf5+ Ke7 62. Re5+ Kf8 63. Rf5+ Ke7 64. Re5+ Kf8 65. Rxe4
Rb5 66. Kh7 Rf5 67. Kg6 Rb5 68. Rf4+ Kg8 69. h4 Rb6+ 70. Kxh5 Kg7 71. Rf5 Rh6+
72. Kg4 Rg6+ 73. Kf4 Rf6 74. h5 Rxf5+ 75. Kxf5 Kh6 76. Ke4 Kxh5 1/2-1/2

[Event "FIDE World Rapid Team"]
[Site "Almaty KAZ"]
[Date "2024.08.02"]
[Round "4.32"]
[White "Aligozhin, Zhaslan"]
[Black "Mamedov, Edgar"]
[Result "1/2-1/2"]
[WhiteTitle "FM"]
[BlackTitle "FM"]
[WhiteElo "2333"]
[BlackElo "2443"]
[WhiteTeam "Greco"]
[BlackTeam "Teniz Kazakhstan"]
[WhiteFideId "13702734"]
[BlackFideId "13739980"]
[EventDate "2024.08.02"]

1. e4 c5 2. c3 Nf6 3. e5 Nd5 4. Nf3 Nc6 5. d4 cxd4 6. cxd4 d6 7. Bc4 Nb6 8. Bb5
dxe5 9. Nxe5 Bd7 10. Nxd7 Qxd7 11. O-O e6 12. Nc3 a6 13. Bxc6 Qxc6 14. Re1 Bb4
15. Qg4 Kf8 16. Qg3 Rc8 17. Rb1 Nd5 18. Bd2 Bxc3 19. bxc3 b5 20. a4 h5 21. axb5
axb5 22. Qd3 Qc4 23. Qf1 Nxc3 24. Qxc4 Rxc4 25. Bxc3 Rxc3 26. Rxb5 g6 1/2-1/2

[Event "FIDE World Rapid Team"]
[Site "Almaty KAZ"]
[Date "2024.08.02"]
[Round "4.33"]
[White "Sapenov, Daniyal"]
[Black "Askarov, Bakhtiyar"]
[Result "1-0"]
[WhiteTitle "FM"]
[BlackTitle "IM"]
[WhiteElo "2311"]
[BlackElo "2280"]
[WhiteTeam "Teniz Kazakhstan"]
[BlackTeam "Greco"]
[WhiteFideId "13728911"]
[BlackFideId "13701100"]
[EventDate "2024.08.02"]

1. e4 Nc6 2. Nf3 e5 3. Bb5 a6 4. Ba4 Bc5 5. c3 Nge7 6. O-O Ba7 7. d4 Ng6 8. Bg5
f6 9. Be3 O-O 10. Re1 d6 11. h3 Kh8 12. Nbd2 Bd7 13. Rc1 Re8 14. Bc2 exd4 15.
cxd4 Nb4 16. Bb1 c5 17. Nc4 Bb5 18. dxc5 Bxc4 19. Rxc4 dxc5 20. Qxd8 Raxd8 21.
Rxb4 cxb4 22. Bxa7 Rc8 23. Be3 Red8 24. Kf1 Rd6 25. Ke2 Kg8 26. h4 h5 27. Rg1
Kf7 28. g4 hxg4 29. Rxg4 Ne7 30. e5 Rdd8 31. exf6 gxf6 32. Rxb4 b5 33. a3 Nd5
34. Rd4 Ne7 35. h5 Rxd4 36. Nxd4 Rh8 37. h6 Rc8 38. Be4 Rc5 39. Kd3 Rh5 40. Bf3
Rh3 41. Bb7 a5 42. Nxb5 f5 43. Kc2 Rh2 44. Nc3 f4 45. Bxf4 Rxf2+ 46. Bd2 Nf5 47.
Bd5+ Kf8 48. Kd3 Rh2 49. b4 axb4 50. axb4 Rh3+ 51. Kc4 Rh2 52. Ne4 Nxh6 53. b5
Ng4 54. b6 Ne5+ 55. Kb5 Nd7 56. b7 Rh5 57. Ng5 Ke7 58. Bf4 Rh8 59. Bc6 Rf8 60.
Bxd7 Kxd7 61. b8=Q Rxb8+ 62. Bxb8 Ke7 63. Kc5 Kf6 64. Ne4+ Kf5 65. Kd4 Ke6 66.
Ng3 Kf6 67. Kd5 Kg5 68. Be5 Kg4 69. Ke4 Kh3 70. Kf3 Kh2 71. Bd4 Kh3 72. Bg1 Kh4
73. Ne4 Kh5 74. Kf4 Kg6 75. Ng5 Kf6 76. Bc5 Kg6 77. Bd4 Kh5 78. Kf5 Kh6 79. Bc3
Kh5 80. Be1 Kh6 81. Ne6 Kh7 82. Bd2 Kg8 1-0

[Event "FIDE World Rapid Team"]
[Site "Almaty KAZ"]
[Date "2024.08.02"]
[Round "4.34"]
[White "Suleyev, Alen"]
[Black "Balabayeva, Xeniya"]
[Result "1-0"]
[WhiteTitle "FM"]
[BlackTitle "WIM"]
[WhiteElo "2084"]
[BlackElo "2335"]
[WhiteTeam "Greco"]
[BlackTeam "Teniz Kazakhstan"]
[WhiteFideId "13707213"]
[BlackFideId "13719688"]
[EventDate "2024.08.02"]

1. d4 d5 2. c4 e6 3. Nc3 Nf6 4. cxd5 exd5 5. Bg5 Be7 6. e3 c6 7. Bd3 Nbd7 8. Nf3
O-O 9. O-O Re8 10. Qc2 h6 11. Bf4 Nf8 12. Rab1 a5 13. h3 Ne6 14. Bh2 Ng5 15. Ne5
Bd6 16. f4 Nge4 17. Nxe4 Nxe4 18. Bxe4 dxe4 19. f5 f6 20. Qb3+ Kh7 21. Qf7 Re7
22. Qg6+ Kg8 23. Ng4 Bxh2+ 24. Kxh2 Qd6+ 25. Rf4 Kh8 26. Kh1 Bd7 27. Nxh6 gxh6
28. Rh4 Rh7 29. Rxh6 Qe7 30. Rxh7+ Qxh7 31. Qxf6+ Kg8 32. Rf1 Rf8 33. Qg5+ Kf7
34. Qf4 Re8 35. Kh2 Kf8 36. g4 Qh4 37. Qd6+ Qe7 38. Qh6+ Qg7 39. Qf4 Qf7 40. g5
Qc4 41. Rf2 Re7 42. f6 Rh7 43. g6 Rxh3+ 44. Kg2 Qe6 45. g7+ Kf7 46. g8=Q+ Kxg8
47. Qg5+ Kf8 48. Qg7+ Ke8 49. f7+ Kd8 50. f8=Q+ Kc7 51. Qe5+ 1-0

[Event "FIDE World Rapid Team"]
[Site "Almaty KAZ"]
[Date "2024.08.02"]
[Round "4.35"]
[White "Nurgaliyev, Sauat"]
[Black "Nasybullina, Alfia"]
[Result "1-0"]
[WhiteTitle "FM"]
[BlackTitle "WIM"]
[WhiteElo "2380"]
[BlackElo "2034"]
[WhiteTeam "Teniz Kazakhstan"]
[BlackTeam "Greco"]
[WhiteFideId "13726285"]
[BlackFideId "4132416"]
[EventDate "2024.08.02"]

1. e4 d5 2. exd5 Qxd5 3. Nc3 Qd6 4. d4 Nf6 5. Nf3 Nc6 6. Nb5 Qd8 7. Be2 a6 8.
Nc3 Bg4 9. Be3 e6 10. O-O Be7 11. h3 Bh5 12. Qd2 O-O 13. Rad1 Nb4 14. Ne5 Bxe2
15. Qxe2 Nbd5 16. Nxd5 exd5 17. Bf4 c6 18. Rfe1 Re8 19. Rd3 Ne4 20. Re3 f6 21.
Nd3 Bd6 22. Bxd6 Nxd6 23. Qg4 Rxe3 24. Rxe3 f5 25. Qe2 Qf8 26. Re7 Re8 27. Qe6+
Kh8 28. Rxe8 Nxe8 29. Ne5 g6 30. Nd7 Qg8 31. Qe7 Ng7 32. Ne5 Qc8 33. Nf7+ Kg8
34. Nd8 b6 35. Qf7+ 1-0

[Event "FIDE World Rapid Team"]
[Site "Almaty KAZ"]
[Date "2024.08.02"]
[Round "4.36"]
[White "Kabylbek, Yedil"]
[Black "Fedorov, Grigory"]
[Result "1/2-1/2"]
[WhiteElo "1857"]
[BlackElo "1904"]
[WhiteTeam "Greco"]
[BlackTeam "Teniz Kazakhstan"]
[WhiteFideId "13744658"]
[BlackFideId "4123530"]
[EventDate "2024.08.02"]

1. e4 e6 2. Nf3 d5 3. Nc3 d4 4. Ne2 c5 5. c3 Nf6 6. Ng3 Nc6 7. Bb5 Bd7 8. d3 Qb6
9. Bxc6 Bxc6 10. c4 Be7 11. O-O O-O 12. Qc2 Qc7 13. Bd2 Rfe8 14. Rfb1 a5 15. a3
a4 16. b4 axb3 17. Qxb3 Ra4 18. Ne2 Rea8 19. Bf4 Qa5 20. Ne5 h6 21. Nxc6 bxc6
22. Qb7 Rxa3 23. Rxa3 Qxa3 24. h3 Bd8 25. Rb3 Qa5 26. Kh2 Nh5 27. Bd6 Ra7 28.
Qc8 Kh7 29. Ng3 Nxg3 30. Bxg3 Bc7 31. e5 Qe1 32. f4 Qd1 33. Rb7 Ra1 34. Bf2 Qf1
35. Rb2 Ba5 36. Qxc6 Bc3 37. Qe4+ g6 38. Rb7 Qh1+ 39. Kg3 Kg7 40. Rxf7+ Kxf7 41.
Qb7+ Kf8 42. Qc8+ 1/2-1/2

[Event "FIDE World Rapid Team"]
[Site "Almaty KAZ"]
[Date "2024.08.02"]
[Round "4.37"]
[White "Orozbaev, Eldiyar"]
[Black "Wageih, Kareim"]
[Result "1-0"]
[WhiteTitle "FM"]
[BlackTitle "IM"]
[WhiteElo "2376"]
[BlackElo "2402"]
[WhiteTeam "Noval Group Kyrgystan"]
[BlackTeam "Egypt"]
[WhiteFideId "13802240"]
[BlackFideId "10604561"]
[EventDate "2024.08.02"]

1. e4 c5 2. c3 Nf6 3. e5 Nd5 4. d4 cxd4 5. Nf3 d6 6. cxd4 Nc6 7. Bc4 Nb6 8. Bb5
d5 9. Nc3 Bg4 10. h3 Bd7 11. O-O e6 12. Be3 a6 13. Bxc6 Bxc6 14. Nd2 Be7 15. f4
g6 16. Rc1 Rc8 17. Qf3 Nc4 18. Nxc4 dxc4 19. Qf2 b5 20. d5 Bxd5 21. Rcd1 f5 22.
exf6 Bxf6 23. Bb6 Qd7 24. f5 gxf5 25. Nxd5 exd5 26. Qe2+ Kf7 27. Qh5+ Kg7 28.
Rxf5 Qe8 29. Qf3 Rc6 30. Rxf6 Rxf6 31. Bd4 Rf8 32. Rf1 Qg6 33. Qf4 Rf7 34. Qe5
h6 35. Rxf6 Rxf6 36. Qe7+ Qf7 37. Bxf6+ Kg6 38. Qxf7+ Kxf7 39. Bd4 b4 40. Kf2
Ke6 41. g4 a5 42. Ke3 a4 43. a3 c3 44. axb4 cxb2 45. Bxb2 1-0

[Event "FIDE World Rapid Team"]
[Site "Almaty KAZ"]
[Date "2024.08.02"]
[Round "4.38"]
[White "Wafa, Hamed"]
[Black "Zhakshylykov, Erzhan"]
[Result "1/2-1/2"]
[WhiteTitle "IM"]
[BlackTitle "FM"]
[WhiteElo "2345"]
[BlackElo "2327"]
[WhiteTeam "Egypt"]
[BlackTeam "Noval Group Kyrgystan"]
[WhiteFideId "10628452"]
[BlackFideId "13804111"]
[EventDate "2024.08.02"]

1. Nf3 c5 2. e4 d6 3. d4 cxd4 4. Nxd4 Nf6 5. Nc3 Nc6 6. Bg5 Bd7 7. Qd2 Rc8 8. f3
Nxd4 9. Qxd4 Qa5 10. Bd2 a6 11. Nd5 Qc5 12. Nxf6+ gxf6 13. Qxc5 Rxc5 14. O-O-O
h5 15. h4 Bh6 16. Bxh6 Rxh6 17. Rd5 Rc8 18. b3 Be6 19. Ra5 Kd7 20. Kd2 Kc7 21.
f4 Kb6 22. Ra4 f5 23. Bd3 Rg6 24. Rh2 Rcg8 25. exf5 Rxg2+ 26. Rxg2 Rxg2+ 27. Ke3
Bd5 28. Rd4 Bc6 29. f6 e5 30. Rxd6 Rg3+ 31. Ke2 exf4 32. Rd4 Rg2+ 33. Kf1 Rg4
34. Bc4 Bb5 35. Bxb5 axb5 36. Rd7 Rxh4 37. Rxf7 f3 38. Rh7 Rf4 39. f7 b4 40. Kf2
Ka6 41. Rh6+ b6 42. Rh7 Rf6 43. Kg1 Rf5 44. Kf1 Rf6 45. Kf2 Rf4 46. Ke1 Rf6 47.
Kf2 Rf5 48. Rxh5 Rxf7 49. Rh4 Rc7 50. Rc4 1/2-1/2

[Event "FIDE World Rapid Team"]
[Site "Almaty KAZ"]
[Date "2024.08.02"]
[Round "4.39"]
[White "Sharshenbekov, Emir"]
[Black "Sadek, Sameh"]
[Result "0-1"]
[WhiteTitle "CM"]
[BlackTitle "FM"]
[WhiteElo "2078"]
[BlackElo "2286"]
[WhiteTeam "Noval Group Kyrgystan"]
[BlackTeam "Egypt"]
[WhiteFideId "13810634"]
[BlackFideId "10602771"]
[EventDate "2024.08.02"]

1. e4 c5 2. Nc3 e6 3. Nf3 a6 4. d4 cxd4 5. Nxd4 b5 6. g3 Bb7 7. Bg2 Nf6 8. Qd3
d6 9. O-O Nbd7 10. a3 Be7 11. Rd1 O-O 12. Qe2 Qc7 13. f4 Rac8 14. h3 Nc5 15. Kh2
Rfd8 16. b4 Ncd7 17. Rd3 Bf8 18. a4 bxa4 19. Rxa4 Nb6 20. Ra1 d5 21. e5 Ne4 22.
Nxe4 dxe4 23. Bxe4 Bxe4 24. Qxe4 Nd5 25. Bd2 Bxb4 26. Rxa6 Bxd2 27. Rc6 Qa5 28.
Nb3 Qb4 29. Rxc8 Rxc8 30. Nxd2 Qxe4 31. Nxe4 Rxc2+ 32. Rd2 Rc1 33. Rb2 h6 34. h4
Rc7 35. h5 f5 36. exf6 gxf6 37. Rb8+ Kg7 38. Re8 f5 39. Rxe6 fxe4 40. Rxe4 Nf6
41. Rd4 Rc3 42. f5 Nxh5 43. Rg4+ Kf7 44. Rg6 Nf6 45. Kh3 h5 46. Rh6 Rc2 47. Rh8
Kg7 48. Ra8 Kh6 49. Ra5 Ng4 0-1

[Event "FIDE World Rapid Team"]
[Site "Almaty KAZ"]
[Date "2024.08.02"]
[Round "4.40"]
[White "Sameh Mohamed, Abdalrahman"]
[Black "Iunusov, Nuriddin"]
[Result "0-1"]
[BlackTitle "CM"]
[WhiteElo "2259"]
[BlackElo "1925"]
[WhiteTeam "Egypt"]
[BlackTeam "Noval Group Kyrgystan"]
[WhiteFideId "54262674"]
[BlackFideId "13803026"]
[EventDate "2024.08.02"]

1. e4 e5 2. Bc4 Nc6 3. Nc3 Nf6 4. d3 Na5 5. Qf3 c6 6. Bb3 d6 7. Nge2 Be7 8. h3
O-O 9. Bg5 h6 10. Bd2 Nxb3 11. axb3 d5 12. Qg3 d4 13. Nd1 Qd6 14. f4 Nh5 15. Qf3
Nxf4 16. Nxf4 exf4 17. Bxf4 Qb4+ 18. Bd2 Qc5 19. Rc1 f5 20. O-O fxe4 21. Qxe4
Rxf1+ 22. Kxf1 Bf5 23. Qe2 Rf8 24. Kg1 Bh4 25. b4 Qd6 26. Be1 Bg5 27. Ra1 a6 28.
Ra5 Bg6 29. Bd2 Re8 30. Qf2 Bf6 31. Rc5 b6 32. Bf4 Qd7 33. Rc4 Bf7 34. b3 Bxc4
35. bxc4 Qe7 36. Bd2 Qe2 37. Nb2 Qxf2+ 38. Kxf2 b5 39. c5 Kf7 40. Nd1 Kg6 41.
Kf1 Bg5 42. Be1 Kf5 43. Nf2 Bh4 44. Ne4 Bxe1 45. Nd6+ Kg6 46. Nxe8 Bxb4 47. Nc7
a5 48. Ne6 a4 49. Nxd4 a3 50. Nb3 a2 51. Ke2 Bc3 52. Ke3 Kf5 53. g4+ Ke5 54. d4+
Bxd4+ 55. Nxd4 a1=Q 56. Nxc6+ Kd5 57. Ne7+ Kxc5 58. Nf5 g6 59. Ng3 Qc3+ 60. Kf2
Qxc2+ 61. Kf3 Qd3+ 62. Kf2 b4 63. h4 b3 64. h5 gxh5 65. gxh5 b2 66. Ne2 b1=Q 0-1

[Event "FIDE World Rapid Team"]
[Site "Almaty KAZ"]
[Date "2024.08.02"]
[Round "4.41"]
[White "Lesbekova, Assel"]
[Black "Wafa, Shrook"]
[Result "0-1"]
[WhiteTitle "WCM"]
[BlackTitle "WGM"]
[WhiteElo "1903"]
[BlackElo "2137"]
[WhiteTeam "Noval Group Kyrgystan"]
[BlackTeam "Egypt"]
[WhiteFideId "13713248"]
[BlackFideId "10609970"]
[EventDate "2024.08.02"]

1. e4 c5 2. Nf3 Nc6 3. Bb5 g6 4. O-O Bg7 5. c3 Nf6 6. Re1 O-O 7. h3 d6 8. d4
cxd4 9. cxd4 a6 10. Ba4 b5 11. Bc2 Bb7 12. Bd2 Rc8 13. a4 Qb6 14. d5 Nb8 15.
axb5 axb5 16. Bd3 Nbd7 17. Nc3 Nc5 18. Bxb5 Ncxe4 19. Be3 Nxc3 20. Bxb6 Nxd1 21.
Rexd1 Nxd5 22. Ra7 Rb8 23. Bd4 e5 24. Bc4 exd4 25. Nxd4 Nf4 26. Nb5 d5 27. Bf1
Bxb2 28. Rb1 Be5 29. g3 Ne6 30. f4 Bg7 31. Kh2 Bc6 32. Bd3 Bxb5 33. Rxb5 Rxb5
34. Bxb5 Rb8 35. Bc6 d4 36. Rd7 Rd8 37. Kg1 0-1

[Event "FIDE World Rapid Team"]
[Site "Almaty KAZ"]
[Date "2024.08.02"]
[Round "4.42"]
[White "Allam, Yara"]
[Black "Nurdin Uulu, Sardarbek"]
[Result "0-1"]
[WhiteTitle "WCM"]
[WhiteElo "1920"]
[BlackElo "1908"]
[WhiteTeam "Egypt"]
[BlackTeam "Noval Group Kyrgystan"]
[WhiteFideId "10615709"]
[BlackFideId "13800183"]
[EventDate "2024.08.02"]

1. e4 g5 2. d4 g4 3. Be2 h5 4. Bf4 Bg7 5. c3 c6 6. h3 gxh3 7. Nxh3 h4 8. Ng5 d6
9. Bh5 Nh6 10. Qf3 Bf6 11. Be3 e5 12. Nh3 Bxh3 13. Qxh3 Nd7 14. Nd2 Qe7 15. Nb3
a5 16. Be2 a4 17. Nd2 a3 18. b3 b5 19. b4 exd4 20. cxd4 c5 21. Bxb5 cxd4 22. Bf4
Rb8 23. Bxd7+ Qxd7 24. Qxd7+ Kxd7 25. Rb1 Ng4 26. Nc4 Ne5 27. Bxe5 dxe5 28. Nxa3
Ra8 29. Rb3 Be7 30. Rhh3 Rhb8 31. Nc4 Rxa2 32. Nxe5+ Kd6 33. Nd3 Rg8 34. g3 hxg3
35. Rxg3 Rh8 36. Rg1 Ra1+ 0-1

[Event "FIDE World Rapid Team"]
[Site "Almaty KAZ"]
[Date "2024.08.02"]
[Round "4.43"]
[White "Kozganbay, Erkin"]
[Black "Tologon tegin, Semetei"]
[Result "1-0"]
[WhiteTitle "FM"]
[BlackTitle "IM"]
[WhiteElo "2293"]
[BlackElo "2337"]
[WhiteTeam "Chess Ratel"]
[BlackTeam "Kyrgyz Chess Academy"]
[WhiteFideId "13703773"]
[BlackFideId "13800574"]
[EventDate "2024.08.02"]

1. Nf3 g6 2. e4 Bg7 3. d4 d6 4. Nc3 Nf6 5. Be3 O-O 6. Qd2 a6 7. Bh6 b5 8. Bxg7
Kxg7 9. Bd3 Bb7 10. e5 Nd5 11. h4 Nxc3 12. bxc3 h5 13. Qe3 e6 14. a4 bxa4 15.
Rxa4 Nd7 16. Ng5 Qe7 17. f4 c5 18. O-O Nb6 19. Raa1 cxd4 20. cxd4 d5 21. Qg3 Bc8
22. f5 exf5 23. Bxf5 Bxf5 24. Rxf5 Kh8 25. Qf3 f6 26. exf6 Qb4 27. Rf4 Rae8 28.
Rf1 Qd2 29. f7 Re3 30. Qd1 Qb4 31. R4f3 Qe7 32. Rxe3 Qxe3+ 33. Kh2 Nc4 34. Qd3
Kg7 35. Qxe3 Nxe3 36. Ne6+ Kh6 37. Rf4 Ng4+ 38. Kg3 1-0

[Event "FIDE World Rapid Team"]
[Site "Almaty KAZ"]
[Date "2024.08.02"]
[Round "4.44"]
[White "Erzhanov, Arman"]
[Black "Kassimov, Baurzhan"]
[Result "0-1"]
[WhiteTitle "FM"]
[BlackTitle "IM"]
[WhiteElo "2114"]
[BlackElo "2260"]
[WhiteTeam "Kyrgyz Chess Academy"]
[BlackTeam "Chess Ratel"]
[WhiteFideId "4138821"]
[BlackFideId "13704800"]
[EventDate "2024.08.02"]

1. e4 c5 2. Nf3 d6 3. Bb5+ Nd7 4. c3 Nf6 5. Qe2 a6 6. Ba4 e5 7. O-O Be7 8. d4
O-O 9. dxe5 Nxe5 10. Nxe5 dxe5 11. Bc2 Be6 12. Bg5 b5 13. Rd1 Qc7 14. Nd2 Rfd8
15. Nf1 Rxd1 16. Qxd1 Ne8 17. Bxe7 Qxe7 18. Ne3 Rd8 19. Qe2 c4 20. a4 Qc5 21.
axb5 axb5 22. Rd1 Rxd1+ 23. Qxd1 Nd6 24. Qa1 g6 25. Qa8+ Kg7 26. Qb8 Nc8 27. Nd5
Nd6 28. Ne3 Bc8 29. Nf1 Bb7 30. Ng3 b4 31. h4 b3 32. Bd1 Nxe4 33. Nxe4 Bxe4 34.
Qd8 h5 35. Be2 Qc6 36. Bf1 Bf5 37. Qa5 Qe4 38. Qc5 Be6 39. Qc7 Kh7 40. Qc5 Qb1
41. Qxe5 Qxb2 42. Qd4 Qc1 43. g4 b2 0-1

[Event "FIDE World Rapid Team"]
[Site "Almaty KAZ"]
[Date "2024.08.02"]
[Round "4.45"]
[White "Nukin, Askhat"]
[Black "Markov, Mikhail KGZ"]
[Result "0-1"]
[WhiteTitle "FM"]
[BlackTitle "IM"]
[WhiteElo "2268"]
[BlackElo "2255"]
[WhiteTeam "Chess Ratel"]
[BlackTeam "Kyrgyz Chess Academy"]
[WhiteFideId "13703625"]
[BlackFideId "13800698"]
[EventDate "2024.08.02"]

1. e4 c5 2. Nf3 d6 3. d4 cxd4 4. Nxd4 Nf6 5. Nc3 a6 6. Be2 e5 7. Nb3 Be6 8. Bg5
Nbd7 9. Nd2 Rc8 10. Nf1 Qa5 11. Bxf6 Nxf6 12. Bf3 Rxc3 13. bxc3 Qxc3+ 14. Nd2
Bc4 15. h4 d5 16. Rh3 Bb4 17. Be2 Qd4 18. Rb1 Nxe4 0-1